Statistiques concernant La conquête des Amériques

Cliquez ici pour prendre le quiz!

Statistiques générales

  • Ce quiz a été pris 64 fois
  • Le résultat moyen est 5 sur 17

Statistiques - réponses

EvènementsPrécisionsDates% Correct
Découverte des Amériques par ColombAnnée1492
90%
Traité de TordesillasAnnée1494
58%
Découverte du Brésil par CabralAnnée1500
52%
Prise de Constantinople par les OttomansAnnée1453
44%
Exécution de Atahualpa et fin de l’Empire IncaAnnée1533
38%
Découverte du Canada par CartierAnnée1534
38%
Traité de SaragosseAnnée1529
36%
Empire Aztèque sous domination espagnoleAnnée1535
32%
Lima devient la capitale de la vice-royauté de CastilleAnnée1535
32%
Controverse de ValladolidAnnée1550-1551
26%
Fondation de TenochtitlanAnnée1325
12%
Début de l’Empire AztèqueAnnée1200
10%
Début de l’Empire IncaAnnée1200
10%
Noche TristeJour, mois et année30 juin 1520- 1er juillet 1520
8%
Prise de Tenochtitlan par CortésJour, mois et année13 août 1521
4%
Débarquement de Cortés au YucatánJour, mois et année18 février 1519
4%
Massacre de 10 000 indigènes par AlvaradoJour, mois et année22 mai 1520
2%

Distribution des résultats

Percentile par nombre de réponses

% des personnes avec chaque résultat

Votre développement - résultats

Vous n’avez pas pris ce quiz